| 000 | 00554nam a2200193Ia 4500 | ||
|---|---|---|---|
| 005 | 20260429112109.0 | ||
| 008 | 260429s9999||||xx |||||||||||||| ||und|| | ||
| 020 | _a9781032183992 | ||
| 041 | _aEnglish | ||
| 082 |
_a796.071 _bSTI |
||
| 100 | _aStidder, Gary | ||
| 245 | 0 |
_aTeaching physical education : _bcontemporary issues for teachers, educators and students / _cGary Stidder |
|
| 250 | _a1st ed. | ||
| 260 |
_aLondon : _bRoutledge, _c2023. |
||
| 300 | _axxv, 176 p.; pbk | ||
| 650 | _a Teaching | ||
| 650 | _aPhysical education | ||
| 942 | _cTB | ||
| 999 |
_c52336 _d52336 |
||